<?xml version="1.0" encoding="UTF-8"?>
<record
    xmlns:xsi="http://www.w3.org/2001/XMLSchema-instance"
    xsi:schemaLocation="http://www.loc.gov/MARC21/slim http://www.loc.gov/standards/marcxml/schema/MARC21slim.xsd"
    xmlns="http://www.loc.gov/MARC21/slim">

  <leader>00385nam a22001577a 4500</leader>
  <controlfield tag="003">OSt</controlfield>
  <controlfield tag="005">20231222102427.0</controlfield>
  <controlfield tag="008">211122b        xxu||||| |||| 00| 0 eng d</controlfield>
  <datafield tag="020" ind1=" " ind2=" ">
    <subfield code="a">9788179653074</subfield>
  </datafield>
  <datafield tag="040" ind1=" " ind2=" ">
    <subfield code="c">IIMT UNIVERSITY,MEERUT</subfield>
  </datafield>
  <datafield tag="100" ind1=" " ind2=" ">
    <subfield code="a">TANDAN,PURANCHAND</subfield>
  </datafield>
  <datafield tag="245" ind1=" " ind2=" ">
    <subfield code="a">ANUVAD KE VIVIDH AAYAM</subfield>
  </datafield>
  <datafield tag="260" ind1=" " ind2=" ">
    <subfield code="a">NEW DELHI</subfield>
    <subfield code="b">TAKSHILA PRAKASHAN</subfield>
  </datafield>
  <datafield tag="300" ind1=" " ind2=" ">
    <subfield code="a">319</subfield>
  </datafield>
  <datafield tag="942" ind1=" " ind2=" ">
    <subfield code="2">ddc</subfield>
    <subfield code="c">02</subfield>
  </datafield>
  <datafield tag="999" ind1=" " ind2=" ">
    <subfield code="c">51080</subfield>
    <subfield code="d">51080</subfield>
  </datafield>
  <datafield tag="952" ind1=" " ind2=" ">
    <subfield code="0">0</subfield>
    <subfield code="1">0</subfield>
    <subfield code="2">ddc</subfield>
    <subfield code="4">0</subfield>
    <subfield code="7">0</subfield>
    <subfield code="a">01</subfield>
    <subfield code="b">01</subfield>
    <subfield code="d">2021-11-22</subfield>
    <subfield code="e">ARISTA</subfield>
    <subfield code="g">800.00</subfield>
    <subfield code="i">HO/IN/27  15/11/2021</subfield>
    <subfield code="p">01-B-133711</subfield>
    <subfield code="r">2021-11-22</subfield>
    <subfield code="u">HINDI</subfield>
    <subfield code="w">2021-11-22</subfield>
    <subfield code="y">06</subfield>
  </datafield>
  <datafield tag="952" ind1=" " ind2=" ">
    <subfield code="0">0</subfield>
    <subfield code="1">0</subfield>
    <subfield code="2">ddc</subfield>
    <subfield code="4">0</subfield>
    <subfield code="7">0</subfield>
    <subfield code="a">01</subfield>
    <subfield code="b">01</subfield>
    <subfield code="d">2021-11-22</subfield>
    <subfield code="e">ARISTA</subfield>
    <subfield code="g">800.00</subfield>
    <subfield code="i">HO/IN/27  15/11/2021</subfield>
    <subfield code="l">1</subfield>
    <subfield code="p">01-B-133712</subfield>
    <subfield code="r">2023-04-11</subfield>
    <subfield code="s">2023-03-16</subfield>
    <subfield code="u">HINDI</subfield>
    <subfield code="w">2021-11-22</subfield>
    <subfield code="y">02</subfield>
  </datafield>
  <datafield tag="952" ind1=" " ind2=" ">
    <subfield code="0">0</subfield>
    <subfield code="1">0</subfield>
    <subfield code="2">ddc</subfield>
    <subfield code="4">0</subfield>
    <subfield code="7">0</subfield>
    <subfield code="a">01</subfield>
    <subfield code="b">01</subfield>
    <subfield code="d">2021-11-22</subfield>
    <subfield code="e">ARISTA</subfield>
    <subfield code="g">800.00</subfield>
    <subfield code="i">HO/IN/27  15/11/2021</subfield>
    <subfield code="p">01-B-133713</subfield>
    <subfield code="r">2021-11-22</subfield>
    <subfield code="u">HINDI</subfield>
    <subfield code="w">2021-11-22</subfield>
    <subfield code="y">02</subfield>
  </datafield>
  <datafield tag="952" ind1=" " ind2=" ">
    <subfield code="0">0</subfield>
    <subfield code="1">0</subfield>
    <subfield code="2">ddc</subfield>
    <subfield code="4">0</subfield>
    <subfield code="7">0</subfield>
    <subfield code="a">01</subfield>
    <subfield code="b">01</subfield>
    <subfield code="d">2021-11-22</subfield>
    <subfield code="e">ARISTA</subfield>
    <subfield code="g">800.00</subfield>
    <subfield code="i">HO/IN/27  15/11/2021</subfield>
    <subfield code="p">01-B-133714</subfield>
    <subfield code="r">2021-11-22</subfield>
    <subfield code="u">HINDI</subfield>
    <subfield code="w">2021-11-22</subfield>
    <subfield code="y">02</subfield>
  </datafield>
  <datafield tag="952" ind1=" " ind2=" ">
    <subfield code="0">0</subfield>
    <subfield code="1">0</subfield>
    <subfield code="2">ddc</subfield>
    <subfield code="4">0</subfield>
    <subfield code="7">0</subfield>
    <subfield code="a">01</subfield>
    <subfield code="b">01</subfield>
    <subfield code="d">2021-11-22</subfield>
    <subfield code="e">ARISTA</subfield>
    <subfield code="g">800.00</subfield>
    <subfield code="i">HO/IN/27  15/11/2021</subfield>
    <subfield code="l">2</subfield>
    <subfield code="p">01-B-133715</subfield>
    <subfield code="r">2023-07-25</subfield>
    <subfield code="s">2023-03-10</subfield>
    <subfield code="u">HINDI</subfield>
    <subfield code="w">2021-11-22</subfield>
    <subfield code="y">02</subfield>
  </datafield>
</record>
